[Event "Trzcianka Dziedzic Memorial 9th"]
[Site "Trzcianka"]
[Date "2019.10.13"]
[Round "1"]
[White "Podlewski, Szymon"]
[Black "Tomczak, Jacek"]
[Result "0-1"]
[WhiteElo "1487"]
[BlackElo "2550"]
[PlyCount "57"]
[EventDate "2019.10.13"]
[EventType "swiss (rapid)"]
[EventRounds "9"]
[EventCountry "POL"]
[SourceTitle "CBM 192 Extra"]
[Source "Chessbase"]
[SourceDate "2019.11.06"]
[SourceVersion "1"]
[SourceVersionDate "2019.11.06"]
[SourceQuality "1"]

1. e4 c5 2. Nf3 d6 3. d4 cxd4 4. Nxd4 Nf6 5. Nc3 a6 6. Bd3 Nc6 7. Nf3 g6 8. 0-0 Bg7 9. Re1 0-0 10. h3 b5 11. a3 Bb7 12. Be3 Rc8 13. Qd2 Re8 14. Bh6 Bh8 15. a4 b4 16. Nd5 a5 17. Bb5 Nd7 18. c3 e6 19. Nf4 bxc3 20. bxc3 Na7 21. Rac1 Nxb5 22. axb5 Nc5 23. Qc2 Nxe4 24. c4 d5 25. Rcd1 Qb6 26. Qb3 Qxf2+ 27. Kh1 dxc4 28. Qb1 Nc3 29. Qa1 0-1

[Event "Bydgoszcz U18"]
[Site "Bydgoszcz"]
[Date "2018.02.14"]
[Round "5.4"]
[White "Losinski, Piotr"]
[Black "Podlewski, Szymon"]
[Result "1/2-1/2"]
[WhiteElo "1447"]
[BlackElo "1265"]
[PlyCount "64"]
[EventDate "2018.02.12"]
[EventType "swiss"]
[EventRounds "9"]
[EventCountry "POL"]
[SourceTitle "EXT 2023"]
[Source "ChessBase"]
[SourceDate "2022.10.05"]
[SourceVersion "1"]
[SourceVersionDate "2022.10.05"]
[SourceQuality "1"]

1. e4 e5 2. Nf3 Nf6 3. Nc3 Nc6 4. Bb5 d6 5. 0-0 Be7 6. d3 h6 7. Ne2 0-0 8. Ng3 Bg4 9. c3 a6 10. Ba4 d5 11. h3 dxe4 12. hxg4 exf3 13. Qxf3 Qd5 14. Bxc6 bxc6 15. Nf5 Rfe8 16. Qh3 Bf8 17. Qh4 Qd8 18. g5 Nh7 19. gxh6 Qxh4 20. Nxh4 gxh6 21. Nf3 Rad8 22. d4 exd4 23. Nxd4 c5 24. Nf3 Re6 25. Bf4 c6 26. Rfe1 Rde8 27. Be3 Rb8 28. Rab1 Nf6 29. c4 Rbe8 30. Bd2 Rxe1+ 31. Rxe1 Rxe1+ 32. Bxe1 Nd7 1/2-1/2

[Event "Bydgoszcz U18"]
[Site "Bydgoszcz"]
[Date "2018.02.12"]
[Round "2.6"]
[White "Podlewski, Szymon"]
[Black "Wolski, Lukasz"]
[Result "1-0"]
[WhiteElo "1265"]
[BlackElo "1217"]
[PlyCount "63"]
[EventDate "2018.02.12"]
[EventType "swiss"]
[EventRounds "9"]
[EventCountry "POL"]
[SourceTitle "EXT 2023"]
[Source "ChessBase"]
[SourceDate "2022.10.05"]
[SourceVersion "1"]
[SourceVersionDate "2022.10.05"]
[SourceQuality "1"]

1. e4 e5 2. Nf3 Nc6 3. d4 exd4 4. Bc4 d6 5. Ng5 Ne5 6. Bb3 Be7 7. f4 Bxg5 8. fxg5 c5 9. 0-0 Ne7 10. Nd2 b5 11. a4 c4 12. Ba2 Ba6 13. axb5 Bxb5 14. Nf3 Nxf3+ 15. Rxf3 Qb6 16. Kh1 0-0 17. Rh3 d5 18. exd5 Nxd5 19. Rh4 Rfe8 20. Rxd4 Re1+ 21. Qxe1 Qxd4 22. c3 Qd3 23. Bb1 Re8 24. Qxe8+ Bxe8 25. Bxd3 cxd3 26. Ra3 Bb5 27. Rb3 Be8 28. c4 Nb6 29. c5 Na4 30. c6 Nb6 31. c7 Kf8 32. Rxb6 1-0

[Event "POL-chT4 Kujawsko-Pomorskie 1617"]
[Site "Poland"]
[Date "2016.11.06"]
[Round "1.20"]
[White "Wieckowska, Oliwia"]
[Black "Podlewski, Szymon"]
[Result "1/2-1/2"]
[WhiteElo "1167"]
[BlackElo "1239"]
[PlyCount "70"]
[EventDate "2016.11.06"]
[EventType "team-tourn"]
[EventRounds "11"]
[EventCountry "POL"]
[SourceTitle "EXT 2019"]
[Source "ChessBase"]
[SourceDate "2018.10.10"]
[SourceVersion "1"]
[SourceVersionDate "2018.10.10"]
[SourceQuality "1"]

1. e4 e5 2. Nf3 Nc6 3. Nc3 Nf6 4. d4 Nxd4 5. Nxd4 exd4 6. Qxd4 d6 7. h3 Be7 8. Bc4 0-0 9. 0-0 Be6 10. Bf4 Bxc4 11. Qxc4 Re8 12. Rad1 Qc8 13. e5 dxe5 14. Bxe5 c6 15. Bd6 Bxd6 16. Rxd6 Rd8 17. Rfd1 Rxd6 18. Rxd6 Qe8 19. Rd1 Rd8 20. Rxd8 Qxd8 21. Qe2 h6 22. Qd1 Qxd1+ 23. Nxd1 Nd5 24. a3 Kf8 25. Kf1 Ke7 26. Ke2 Ke6 27. Ne3 Nxe3 28. Kxe3 c5 29. Kd3 Kd5 30. c4+ Ke5 31. Ke3 f5 32. f4+ Ke6 33. Kf3 Kf6 34. Kg3 g5 35. Kf3 Kg6 1/2-1/2